000 00530ntaaa2200193 4500
003 01
005 20251027202454.0
008 0714s1973 ag 01
040 _aAR-BaBN
_bspa
_cAR-BaBN
_eaacr
_dRIC
082 _a268.4331 B99
100 _aByrd, Annie Ward
_920004
245 _aBetter Bible teaching for intermediates
250 _a1 ed.
260 _aNashville :
_bConvention Press,
_cc1959
300 _axi, 131 p.
500 _a"Mejor enseñanza bíblica para los intermedios"
650 _aIntermedios
_99120
942 _cBK
999 _c19735
_d19735